00313nam a22000977a 4500003000400000008004100004245004700045250007500092260003300167650001500200OSt201210b ||||| |||| 00| 0 eng d aVision The journal of Business Perspective a2017(Mar Vol.21 No.1, Jun Vol.21 No.2, Sep Vol.21 No.3, Dec Vol. No.4) aNew DelhibSAGE Publications aManagement